| 000 | 00888nam a2200265Ia 4500 | ||
|---|---|---|---|
| 003 | OSt | ||
| 005 | 20220918170046.0 | ||
| 006 | a|||||r|||| 00| 0 | ||
| 007 | ta | ||
| 008 | 220917b |||||||| |||| 00| 0 eng d | ||
| 020 |
_a8187654295 (hbk) _cINR 1490.00 |
||
| 024 | _a353,605 | ||
| 037 |
_b1193, 18/02/2020, H.K. Prakashan _cTextual |
||
| 040 |
_aARTS _cARTS _beng |
||
| 041 |
_2eng _aeng |
||
| 082 | _aQ8441wN29, Q9 | ||
| 100 |
_aJaswant Singh 'Ajit' Ed. _926861 |
||
| 245 | 0 |
_aSardar-E-Azam jathedar Santokh Singh _b 20 march 1929 - 21 December 1981 |
|
| 260 |
_aDelhi _bManpreet Prakashan India _c2019 |
||
| 300 |
_a220p. _ccm. |
||
| 650 |
_aRELIGION; SIKHISM _926862 |
||
| 700 |
_a Harpreet Kaur Tr. _926863 |
||
| 942 |
_hQ8441wN29, Q9 _cTEXL _2CC |
||
| 999 |
_c132415 _d132415 |
||